[Event "Spartakiade tt 8th"]
[Site "Moscow RUS"]
[Date "1983.??.??"]
[Round "2"]
[White "Balashov, Yuri S"]
[Black "Yudasin, Leonid G"]
[Result "1/2-1/2"]
[WhiteElo "2540"]
[BlackElo "2500"]
[PlyCount "48"]
[EventDate "1983.07.??"]
[Source "www.chesslib.no"]
[SourceDate "2004.05.04"]

1. e4 c5 2. Nc3 Nc6 3. g3 g6 4. Bg2 Bg7 5. d3 e6 6. Be3 d6 7. Qd2 Nd4 8. Nd1 Ne7 9. c3 Ndc6 10. Ne2 b6 11. O-O Ba6 12. c4 O-O 13. Ndc3 Rc8 14. Rad1 Nd4 15. Bg5 Nxe2+ 16. Nxe2 b5 17. b3 Re8 18. Nc3 Qb6 19. Bh6 Rcd8 20. Bxg7 Kxg7 21. f4 b4 22. Ne2 f6 23. g4 d5 24. Qb2 d4 1/2-1/2

[Event "otb"]
[Site "otb"]
[Date "2007.05.08"]
[Round "6"]
[White "Krapivin Alexander"]
[Black "Filippov Valerij"]
[Result "0-1"]
[WhiteElo "2486"]
[BlackElo "2552"]
[PlyCount "70"]
[Source "www.chesslib.no"]
[SourceDate "2004.05.04"]

1. e4 c5 2. Nc3 Nc6 3. g3 g6 4. Bg2 Bg7 5. d3 d6 6. Be3 Nf6 7. h3 O-O 8. Qd2 Rb8 9. f4 Bd7 10. Nf3 b5 11. O-O b4 12. Ne2 a5 13. g4 c4 14. Ng3 c3 15. bxc3 bxc3 16. Qc1 Rb2 17. a3 a4 18. Rf2 Qa5 19. f5 Rfb8 20. Kh2 Be8 21. Bh6 Bh8 22. d4 Nd7 23. Qe3 Rb1 24. Rxb1 Rxb1 25. fxg6 hxg6 26. Nf5 Qb6 27. d5 Qxe3 28. Bxe3 Nce5 29. Nxe7+ Kf8 30. Nc8 Nc4 31. Bf4 Ndb6 32. Nxd6 Nxa3 33. Ne5 Nb5 34. Nxb5 Bxb5 35. Nc6 Kg8 0-1